书目信息 |
| 题名: |
高速脉冲电路
|
|
| 作者: | 巴纳 著 ;杨树芬 译 | |
| 分册: | ||
| 出版信息: | 北京 科学出版社 1974 |
|
| 页数: | 162页 | |
| 开本: | 20cm | |
| 丛书名: | ||
| 单 册: | ||
| 中图分类: | TN78 | |
| 科图分类: | ||
| 主题词: | 脉冲技术 , 脉冲电路 | |
| 电子资源: | ||
| ISBN: | ||
| 000 | 00655nam0 2200241 450 | |
| 001 | 0661923658 | |
| 005 | 20060516171458.81 | |
| 010 | @dCNY0.50 | |
| 091 | @a15031.78 | |
| 100 | @a20060516d1974 km y0chiy0120 ea | |
| 101 | 0 | @achi@ceng |
| 102 | @aCN@b110000 | |
| 102 | @aCN@b110000 | |
| 200 | 1 | @a高速脉冲电路@Agao su mai chong dian lu@f(美)A·巴纳著@F(mei)A·ba na zhu@g杨树芬译@Gyang shu fen yi |
| 210 | @a北京@c科学出版社@d1974 | |
| 215 | @a162页@d20cm | |
| 606 | 0 | @a脉冲技术 |
| 606 | 0 | @a脉冲电路 |
| 690 | @aTN78@v3 | |
| 701 | 0 | @a巴纳@Aba na@4著 |
| 702 | 0 | @a杨树芬@Ayang shu fen@4译 |
| 801 | 0 | @aCN@bPFT@c20060516 |
| 905 | @a10447@dTN78@e2 | |
| 高速脉冲电路/(美)A·巴纳著/杨树芬译.-北京:科学出版社,1974 |
| 162页;20cm |
| ISBN :CNY0.50 |
| ● |
| 相关链接 |
|
|
|
|
正题名:高速脉冲电路
索取号:TN78/2
 
预约/预借
| 序号 | 登录号 | 条形码 | 馆藏地/架位号 | 状态 | 备注 |
| 1 | 0009051 | 202353693 | 密集书库/ [索取号:TN78/2] | 在馆 | |
| 2 | 0009052 | 202353700 | 密集书库/ [索取号:TN78/2] | 在馆 | |
| 3 | 0009053 | 202353684 | 密集书库/ [索取号:TN78/2] | 在馆 |